Моделирование всережимного функционирования в реальном времени интеллектуального района энергосистемы; Электричество; № 2

Bibliographische Detailangaben
Parent link:Электричество.— , 1880-
№ 2.— 2013.— [С. 60-63]
1. Verfasser: Боровиков Ю. С. Юрий Сергеевич
Zusammenfassung:Заглавие с экрана
Обсуждаются результаты моделирования всережимного функционирования в реальном времени интеллектуального района энергосистемы и средства их получения, составляющие в совокупности методическую и программно-техническую основу для решения задач проектирования, исследования и последующей эксплуатации интеллектуальных энергорайонов, активно-адаптивных электрических сетей и интеллектуальных энергосистем.
The results obtained from realrime simulation of allvariable operating modes of a power system’s intellectual area are discussed together with tools for obtaining such results. The totality of these tools and results form a methodical and computeraided basis for solving problems concerned with design, investigation, and subsequent operation of intellectual power system areas, activeadaptive electric networks, and intellectual power systems.
Sprache:Russisch
Veröffentlicht: 2013
Schriftenreihe:Из опыта работы
Schlagworte:
Online-Zugang:https://elibrary.ru/item.asp?id=18395831
Format: MixedMaterials Elektronisch Buchkapitel
KOHA link:https://koha.lib.tpu.ru/cgi-bin/koha/opac-detail.pl?biblionumber=656461

MARC

LEADER 00000naa0a2200000 4500
001 656461
005 20250404110124.0
035 |a (RuTPU)RU\TPU\network\22902 
035 |a RU\TPU\network\3869 
090 |a 656461 
100 |a 20171115d2013 k||y0rusy50 ca 
101 0 |a rus 
102 |a RU 
135 |a drnn ---uucaa 
181 0 |a i  
182 0 |a b 
200 1 |a Моделирование всережимного функционирования в реальном времени интеллектуального района энергосистемы  |f Ю. С. Боровиков 
203 |a Текст  |c электронный 
225 1 |a Из опыта работы 
300 |a Заглавие с экрана 
330 |a Обсуждаются результаты моделирования всережимного функционирования в реальном времени интеллектуального района энергосистемы и средства их получения, составляющие в совокупности методическую и программно-техническую основу для решения задач проектирования, исследования и последующей эксплуатации интеллектуальных энергорайонов, активно-адаптивных электрических сетей и интеллектуальных энергосистем. 
330 |a The results obtained from realrime simulation of allvariable operating modes of a power system’s intellectual area are discussed together with tools for obtaining such results. The totality of these tools and results form a methodical and computeraided basis for solving problems concerned with design, investigation, and subsequent operation of intellectual power system areas, activeadaptive electric networks, and intellectual power systems. 
461 |t Электричество  |d 1880- 
463 |t № 2  |v [С. 60-63]  |d 2013 
610 1 |a электронный ресурс 
610 1 |a труды учёных ТПУ 
610 1 |a энергетические системы 
610 1 |a энергокластеры 
610 1 |a энергосистемы 
610 1 |a моделирование 
610 1 |a реальное время 
610 1 |a интеллектуальные сети 
610 1 |a проектирование 
700 1 |a Боровиков  |b Ю. С.  |c специалист в области электроэнергетики  |c проректор-директор Энергетического института Томского политехнического университета, кандидат технических наук  |f 1978-  |g Юрий Сергеевич  |3 (RuTPU)RU\TPU\pers\27067 
801 2 |a RU  |b 63413507  |c 20171115  |g RCR 
856 4 |u https://elibrary.ru/item.asp?id=18395831 
942 |c CF